Normal view
MARC view
- Khawar, Ahmad Shahbaz
Entry Personal Name
001 - CONTROL NUMBER
- control field: 15757
003 - CONTROL NUMBER IDENTIFIER
- control field: NUST
005 - DATE AND TIME OF LATEST TRANSACTION
- control field: 20190627103214.0
008 - FIXED-LENGTH DATA ELEMENTS
- fixed length control field: 190627|| aca||aabn | a|a d
040 ## - CATALOGING SOURCE
- Original cataloging agency: NUST
- Transcribing agency: NUST
100 ## - HEADING--PERSONAL NAME
- Personal name: Khawar, Ahmad Shahbaz
670 ## - SOURCE DATA FOUND
- Source citation: Work cat.: (NUST): Khawar, Ahmad Shahbaz, Chup Di Cheek /, 1994.
